000 02203cam a22005774i 4500
003 PE-LiUPU
005 20250731173043.0
008 060807s2006 txu rb 001 0 eng
020 _a193279266X
020 _a9781932792669
035 _a(Sirsi) i9781932792669
035 _a(OCoLC)70883087
040 _aDLC
_beng
_cDLC
_dC#P
_dBAKER
_dYDXCP
_dBTCTA
_dITC
_dSGB
_dBDX
_dOCLCF
_dCHVBK
_dTHZ
_dWTV
_dDML
_dOCLCQ
_dOCL
_dPE-LiUPU
_erda
041 1 _aeng
_aheb
_hheb
049 _aPRUA
050 0 0 _aBS1605.53
_b.T83 2006
082 0 4 _a224.92044
_bT87
_222
100 1 _aTucker, W. Dennis,
_eautor.
245 1 0 _aJonah :
_ba handbook on the Hebrew text /
_cW. Dennis Tucker, Jr.
264 1 _aWaco, Texas. :
_bBaylor University Press,
_c2006.
300 _axiv, 117 páginas ;
_c21 centímetros.
336 _atext
_2rdacontent
337 _aunmediated
_2rdamedia
338 _avolume
_2rdacarrier
490 1 _aBaylor handbook on the Hebrew Bible series
504 _aBibliografía : páginas 109-114.
504 _aIndice : páginas 115-117.
505 0 _aIntroduction -- Jonah 1:1-3 -- Jonah 1:4-6 -- Jonah 1:7-12 -- Jonah 1:13-16 -- Jonah 2:1-10 -- Jonah 2:11 -- Jonah 3:1-4 -- Jonah 3:5-9 -- Jonah 3:10 -- Jonah 4:1-4 -- Jonah 4:5-7 -- Jonah 4:8-11.
526 _aSEG42
526 _aSEG41
526 _aSEG40
526 _aSEG39
526 _aP94
526 _aP87
526 _aP86
526 _aP85
526 _aP77
526 _aP76
526 _aP35
650 7 _aBiblia. O. T. Jonás - Comentarios.
650 7 _aBiblia. O. T. Jonás. Hebreo.
650 7 _aBible. O. T. Jonah--Commentaries.
650 7 _aBible. O. T. Jonah. Hebrew.
910 _adbm
_bncf
_cncf
_d20171226
942 _2ddc
_cBOOK
949 _a224.92044 T87
_wDEWEY
_c1
_i77765
_lCATALOGING
_mBUL
_p20.97
_r0
_sY
_tBOOK
_u2017-12-26
_xPOSGRADO
_PP85
_0COMPRA
_o.STAFF. Colección Teología.
994 _aC0
_bPEPRU
596 _a1
999 _a224.92044 T87
_wDEWEY
_c26392
_i77765
_f2021-11-9
_g5
_lCCODEBUL1
_mBUL
_p20.97
_r0
_sY
_tBOOK
_u2017-12-26
_xTEOLOGIA
_PP85
_0DONACION
_o.STAFF. Colección Teología.
_d26392
980 _81
_gALBERTO SANCHEZ Responsable de Automatización